| 000 | 01273nam a2200265Ia 4500 | ||
|---|---|---|---|
| 003 | OSt | ||
| 005 | 20220923211221.0 | ||
| 006 | a|||||r|||| 00| 0 | ||
| 007 | ta | ||
| 008 | 220922b |||||||| |||| 00| 0 hin d | ||
| 020 |
_a9788126728619 (hbk) _c995 |
||
| 024 | _a317,517 | ||
| 037 |
_b9354, 27/03/2017, Rajkamal Prakashan Pvt. Ltd _cTextual |
||
| 040 |
_aARTS _cARTS _bhin |
||
| 041 |
_2hin _ahin |
||
| 082 | _aY73(Q2):356.25'M, 152Q6 | ||
| 100 |
_aडालमिया, वसुधा, ले. _9159835 |
||
| 245 | 0 | _aहिन्दू परंपराओं का राष्ट्रीयकरणः भारतेंदु हरिशचन्द्र और उन्नीसवीं सदी का बनारस | |
| 246 | _aHindū paranparāoan kā rāṣhṭrīyakaraṇah bhārateandu harishachandra aur unnīsavīan sadī kā banārasa | ||
| 260 |
_aनयी दिल्ली _b राजकमल प्रकाशन _c2016 |
||
| 300 |
_a435पृ. _ccm. |
||
| 650 |
_aभारतीय-लोक संस्कृति _9159836 |
||
| 942 |
_hY73(Q2):356.25'M, 152Q6 _cTEXL _2CC |
||
| 999 |
_c297113 _d297113 |
||